• 首页
  • 本馆介绍
  • 公告通知
  • 最新文献
  • 馆藏检索
  • 电子资源
  • 读者导购
  • 参考咨询
  • 我的图书馆
  • 登录
  • 详细信息显示
  • 放入我的书架
  • 预约/预借图书
  • 作者相关作品
  • 分类相关作品
  • 丛书相关作品
  • 出版社相关作品

书目信息

  • 表格格式
  • 工作单格式
  • 卡片格式
书名: Child language =
作者: Jean Stilwell Peccei著 ; 李宇明导读.
分册号:
分册名:
出版地: 北京 :
 
出版社: 外语教学与研究出版社
出版时间: 2000.
页数: 26, 121 p. ;
开本: 23 cm.
丛书名: 当代国外语言学与应用语言学文库
中图分类号:
科图分类号:
其他分类号: H0
主题词:
电子资源:
000 01736nam a2200697 a 4500
001 E0753736512
003 CAL
005 20070819090712.35
008 000519s2000 cc rb 001 0 eng d
020    @a7560019048.
040    @aECNU@cECN
050  4 @aP118@b.P38 1999
082 04 @a401/.93@221
090    @aH0
093    @aH0@24
099    @dH0@ex133=2
100 1  @aPeccei, Jean Stilwell.
245 10 @aChild language = :@b儿童语言 / @cJean Stilwell Peccei著 ; 李宇明导读.
246 31 @a儿童语言
250    @a2nd ed.
260    @a北京 :@b外语教学与研究出版社,@c2000.
300    @a26, 121 p. ;@c23 cm.
440  0 @a当代国外语言学与应用语言学文库
500    @aReprint. Originally published: London : Routledge, 1999, 2nd ed.
504    @aIncludes bibliographical references (p. 89-93) and index.
650  0 @aLanguage acquisition.
700 1  @a李宇明
920    @a211010@z1
920    @a231220@z2
920    @a244050@z2
920    @a232010@z1
920    @a211020@z1
920    @a244020@z2
920    @a231010@z2
920    @a214010@z2
920    @a212010@z2
920    @a211410@z1
920    @a237010@z1
920    @a231280@z2
920    @a211050@z2
920    @a237385@z2
920    @a211260@z1
920    @a243040@z1
920    @a211060@z2
920    @a251430@z2
920    @a246010@z1
920    @a222220@z1
920    @a244010@z1
920    @a236010@z2
920    @a241061@z1
920    @a222020@z2
920    @a223140@z1
920    @a242250@z2
920    @a221020@z1
920    @a246040@z1
920    @a242010@z1
920    @a261020@z1
920    @a243160@z2
920    @a211030@z2
920    @a242020@z2
998    @aECN
    
    Child language = : : 儿童语言 / / Jean Stilwell Peccei著 ; 李宇明导读.-2nd ed.-北京 : : 外语教学与研究出版社, , 2000.
    26, 121 p. ; ; 23 cm.- (当代国外语言学与应用语言学文库)
    Reprint. Originally published: London : Routledge, 1999, 2nd ed.-Includes bibliographical references (p. 89-93) and index.
    
    ISBN 7560019048.
    
●
相关链接 在E读中查询图书 在五车中查询图书 在当当中查询图书 在豆瓣中查询图书


正题名:Child language =     索取号:H0/x133=2         预约/预借

序号 登录号 条形码 馆藏地/架位号 状态 备注
1 0016766   300167664   第四借阅区/ [索取号:H0/x133=2] 在馆    
2 0016767   300167673   第四借阅区/ [索取号:H0/x133=2] 在馆    
3 0016768   300167682   第四借阅区/ [索取号:H0/x133=2] 在馆    
4 0016769   300167691   第四借阅区/ [索取号:H0/x133=2] 在馆    
5 0016770   300167708   第四借阅区/ [索取号:H0/x133=2] 在馆    
6 16672   300166727   第二样本阅览室/ [索取号:H0/x133=2] 在馆    
7 16673   300166736   第四借阅区/ [索取号:H0/x133=2] 在馆    
8 16674   300166745   第四借阅区/ [索取号:H0/x133=2] 在馆    
唐山师范学院图书馆 欢迎您!
大连网信软件有限公司© 版权所有